000 00650nam a2200241 a 4500
001 59616
003 BD-RjUL
005 20211209080742.0
008 871021s1986 sz b 000 0 ger
035 _aBD-RjUL59740
040 _aDLC
_cDLC
_dBD-RjUL
_beng
041 _aeng
082 _223
_a323.44
_bMOF 1986
099 _aB105.L45.M67 1986
100 1 _aMoser, Ernst Gottfried.
_9172600
245 1 0 _aFreiheit /
_cErnst Moser.
260 _aChur :
_bAristarch,
_cc1986.
300 _a308 p. ;
_c23 cm.
504 _aList of earlier works of the author: p. 5.
650 0 _aLiberty.
_9170799
942 _2ddc
_cBK
999 _c59616
_d59616